00493nam a2200169Ia 4500020001800000082001900018245002200037260003600059300001000095440006500105500002100170650001600191650001900207650004200226650002800268700002700296 a0-8039-5430-1 a300.15195 BAS- 0aBasic measurement aLondonbSage Publicationsc1994 a398p. aInternational Handbook of Quantitative Applications in the S aContents: Vol.4. aMeasurement aScale analysis aSocial sciences - Statistical methods aMathematical statistics aBeck, Michael S. Lewis